A carregar...

Multivariate Data Analysis

Detalhes bibliográficos
Autor principal: Cooley,Willian W and Lohnes,Paul R.
Formato: Printed Book
Idioma:English
Publicado em: New York: John Wiley and Sons,Inc, 1971.
Edição:1971.
Assuntos:
LEADER 00739nam a22001814a 4500
008 150120n ii |||gr||||Z||||||eng
020 |a 0-471-17060-7 
082 |a 519.535 COO 
100 |a Cooley,Willian W and Lohnes,Paul R. 
245 1 |a Multivariate Data Analysis  |h Textual Documents 
250 |a 1971. 
260 |a New York:  |b John Wiley and Sons,Inc,  |c 1971. 
300 |a x;364p.:  |e 05412. 
630 |a Multivariate Analysis-Statistics, Principal Componaents,Canonical Correlation. 
852 |t 1  |p STA05412  |b Special Collection  |k 519.535 COO  |f 00000  |c Shelf - 14 
942 |c BK 
999 |c 220134  |d 220134 
952 |0 0  |1 0  |4 0  |6 519_535000000000000_COO  |7 0  |9 234277  |a STA  |b STA  |c Shelf - 14  |d 2019-12-11  |l 0  |o 519.535 COO  |p STA05412  |r 2019-12-11  |t 1  |w 2019-12-11  |y BK